Rozvíjanie komunikačných kompetencií žiakov pomocou aktivizujúcich vyučovacích metód

Rozvíjanie jazykových komunikačných kompetencií žiakov. Komunikácia podporujúca úspešnosť žiaka v škole. Aktívne počúvanie. Otázky a odpovede vo vyučovaní. Spätná väzba - obojstranná komunikácia. Pochvala a kritika.

Enregistré dans:
Détails bibliographiques
Auteur principal: Kompoltová, Soňa
Format: Chapitre de livre
Langue:slovaque
Sujets:
Tags: Ajouter un tag
Pas de tags, Soyez le premier à ajouter un tag!

MARC

LEADER 00000naa$a2200000$$$4500
001 0090509
005 20240502083231.7
041 0 |a slo 
044 |a CZ 
245 1 0 |a Rozvíjanie komunikačných kompetencií žiakov pomocou aktivizujúcich vyučovacích metód  |c Soňa Kompoltová 
520 |a Rozvíjanie jazykových komunikačných kompetencií žiakov. Komunikácia podporujúca úspešnosť žiaka v škole. Aktívne počúvanie. Otázky a odpovede vo vyučovaní. Spätná väzba - obojstranná komunikácia. Pochvala a kritika. 
610 2 0 |a vzdelávanie 
610 2 0 |a vyučovanie 
610 2 0 |a komunikácia 
610 2 0 |a väzba spätná 
610 2 0 |a učitelia 
610 2 0 |a študenti 
100 1 |a Kompoltová, Soňa